000 00318 a2200157 4500
001 179638
020 _a
040 _cMagnum
100 _aEustaquio
240 1 0 _aMeu amigo halley
_lpor
245 1 0 _aMeu amigo halley
362 0 _a1899
440 1 _aLĂȘ
697 _aMAGNITO: IJ/FADAS, FANTASIA
942 _cBK
999 _c179638
_d179638